[Event "BRA-ch Amateur U2200"]
[Site "Sao Paulo"]
[Date "2018.06.01"]
[Round "4"]
[White "Filgueiras, Nathan Felipe"]
[Black "Moraes, Nelson da Silva"]
[Result "1-0"]
[WhiteElo "2099"]
[BlackElo "2151"]
[PlyCount "107"]
[EventDate "2018.05.31"]
[EventType "swiss"]
[EventRounds "7"]
[EventCountry "BRA"]
[SourceTitle "EXT 2019"]
[Source "ChessBase"]
[SourceDate "2018.10.10"]
[SourceVersion "1"]
[SourceVersionDate "2018.10.10"]
[SourceQuality "1"]

1. e4 e6 2. d4 d5 3. Nd2 c5 4. exd5 exd5 5. Bb5+ Nc6 6. Qe2+ Be6 7. dxc5 Bxc5 8. Ngf3 Nge7 9. Nb3 Bd6 10. Nbd4 Bd7 11. 0-0 0-0 12. Bd3 Nxd4 13. Nxd4 Qc7 14. h3 Ng6 15. Nb5 Bxb5 16. Bxb5 a6 17. Ba4 Qc4 18. Qxc4 dxc4 19. c3 Bc5 20. Bd2 Rad8 21. Rad1 b5 22. Bc2 Rfe8 23. Rfe1 Rxe1+ 24. Bxe1 Rxd1 25. Bxd1 Ne5 26. Bc2 Kf8 27. Kf1 a5 28. Ke2 Ke7 29. f4 Nd7 30. Bh4+ Ke6 31. Bxh7 g6 32. g4 Nf8 33. f5+ Ke5 34. fxg6 fxg6 35. Bg8 Ke4 36. Bf7 Bd6 37. Bg5 b4 38. cxb4 c3 39. bxc3 axb4 40. cxb4 Bxb4 41. Bh6 Be7 42. Bxf8 Bxf8 43. Bxg6+ Kf4 44. a4 Kg3 45. a5 Kxh3 46. Bf5 Kh4 47. a6 Bc5 48. Kd3 Kg5 49. Kc4 Be3 50. Kd5 Kf6 51. Kc6 Ke5 52. Kb7 Kd5 53. a7 Bxa7 54. Kc7 1-0

[Event "Belem Amazon op U2200"]
[Site "Belem"]
[Date "2018.05.20"]
[Round "5"]
[White "Cohen Farias, Paulo"]
[Black "Moraes, Nelson da Silva"]
[Result "0-1"]
[WhiteElo "2147"]
[BlackElo "2151"]
[PlyCount "58"]
[EventDate "2018.05.18"]
[EventType "swiss"]
[EventRounds "6"]
[EventCountry "BRA"]
[SourceTitle "EXT 2019"]
[Source "ChessBase"]
[SourceDate "2018.10.10"]
[SourceVersion "1"]
[SourceVersionDate "2018.10.10"]
[SourceQuality "1"]

1. e4 e6 2. d4 d5 3. Nc3 Nf6 4. e5 Nfd7 5. Qh5 a6 6. Nf3 g6 7. Qg4 h6 8. Bd3 Qe7 9. Ne2 c5 10. c3 Nc6 11. Bd2 b5 12. a4 b4 13. cxb4 cxd4 14. b5 Ncxe5 15. Nxe5 Nxe5 16. Qxd4 Bg7 17. Qe3 Qg5 18. Nf4 Qxf4 19. Qxf4 Nxd3+ 20. Ke2 Nxf4+ 21. Bxf4 axb5 22. axb5 Rxa1 23. Rxa1 e5 24. Bd2 0-0 25. Bb4 Rd8 26. Ba5 Rd7 27. Rc1 Bb7 28. Bc7 e4 29. b3 Bb2 0-1

[Event "Belem Amazon op U2200"]
[Site "Belem"]
[Date "2018.05.18"]
[Round "1"]
[White "Alves, Josue Pires"]
[Black "Moraes, Nelson da Silva"]
[Result "0-1"]
[WhiteElo "1809"]
[BlackElo "2151"]
[PlyCount "56"]
[EventDate "2018.05.18"]
[EventType "swiss"]
[EventRounds "6"]
[EventCountry "BRA"]
[SourceTitle "EXT 2019"]
[Source "ChessBase"]
[SourceDate "2018.10.10"]
[SourceVersion "1"]
[SourceVersionDate "2018.10.10"]
[SourceQuality "1"]

1. d4 d5 2. Nc3 e6 3. a3 c5 4. Nf3 Nc6 5. Bg5 f6 6. Bf4 cxd4 7. Nxd4 e5 8. Nxc6 bxc6 9. Bg3 Ba6 10. e3 Bxf1 11. Kxf1 h5 12. h4 g6 13. b4 a6 14. f4 Nh6 15. Bf2 Ng4 16. Rh3 Bh6 17. Qd3 Kf7 18. Ne2 Re8 19. c4 Qd7 20. Rd1 Rad8 21. Kg1 Qa7 22. c5 f5 23. Be1 Qe7 24. Qxa6 exf4 25. Qxc6 Nxe3 26. Rd4 Ng4 27. Rhd3 Qxe2 28. Rd1 Qxe1+ 0-1

[Event "Natal Regiion-ch sf"]
[Site "Natal"]
[Date "2017.11.04"]
[Round "5"]
[White "Nunes, Marcelo Basilio"]
[Black "Moraes, Nelson da Silva"]
[Result "1-0"]
[WhiteElo "1971"]
[BlackElo "2207"]
[PlyCount "59"]
[EventDate "2017.11.02"]
[EventType "swiss"]
[EventRounds "7"]
[EventCountry "BRA"]
[SourceTitle "CBM 181 Extra"]
[Source "ChessBase"]
[SourceDate "2017.12.12"]
[SourceVersion "1"]
[SourceVersionDate "2017.12.12"]
[SourceQuality "1"]

1. d4 e6 2. Nf3 f5 3. c4 c6 4. Bf4 Nf6 5. Nc3 d5 6. e3 Bd6 7. Bxd6 Qxd6 8. c5 Qe7 9. Bd3 Nbd7 10. 0-0 0-0 11. b4 Ne4 12. Ne2 g5 13. Qc2 Qg7 14. Qb2 Qh6 15. Ne5 Qh4 16. f3 Nef6 17. a3 f4 18. g3 fxg3 19. hxg3 Qh6 20. Rf2 Qg7 21. Raf1 Nxe5 22. dxe5 Nd7 23. f4 Rf7 24. Rh2 Nf8 25. Rh5 gxf4 26. exf4 Ng6 27. Rg5 Re7 28. Qc2 Kf7 29. Nd4 Qh6 30. Rf2 1-0

[Event "Santarem Alter do Chao op"]
[Site "Santarem"]
[Date "2017.08.13"]
[Round "6"]
[White "Moraes, Nelson da Silva"]
[Black "Serafim Junior, Arnor"]
[Result "1/2-1/2"]
[WhiteElo "2244"]
[BlackElo "1845"]
[PlyCount "52"]
[EventDate "2017.08.11"]
[EventType "swiss"]
[EventRounds "6"]
[EventCountry "BRA"]
[SourceTitle "CBM 180 Extra"]
[Source "ChessBase"]
[SourceDate "2017.10.06"]
[SourceVersion "1"]
[SourceVersionDate "2017.10.06"]
[SourceQuality "1"]

1. e4 c5 2. Nf3 e6 3. c3 d5 4. exd5 Qxd5 5. d4 Nf6 6. Be3 cxd4 7. cxd4 Nc6 8. Nc3 Qd6 9. a3 Be7 10. Bd3 0-0 11. 0-0 b6 12. Qd2 Bb7 13. Rad1 Rfd8 14. Rfe1 Bf8 15. Bg5 Nxd4 16. Nxd4 Qxd4 17. Bxh7+ Nxh7 18. Bxd8 Qg4 19. f3 Bxf3 20. Bc7 Bxd1 21. Rxd1 Ng5 22. Kh1 Ne4 23. Qd4 Nf6 24. Qd3 Rc8 25. Be5 Rc5 26. Qf3 Qg5 1/2-1/2

[Event "Santarem Alter do Chao op"]
[Site "Santarem"]
[Date "2017.08.13"]
[Round "5"]
[White "Perdomo, Leandro Daniel"]
[Black "Moraes, Nelson da Silva"]
[Result "1-0"]
[WhiteElo "2457"]
[BlackElo "2244"]
[PlyCount "87"]
[EventDate "2017.08.11"]
[EventType "swiss"]
[EventRounds "6"]
[EventCountry "BRA"]
[SourceTitle "CBM 180 Extra"]
[Source "ChessBase"]
[SourceDate "2017.10.06"]
[SourceVersion "1"]
[SourceVersionDate "2017.10.06"]
[SourceQuality "1"]

1. d4 e6 2. c4 f5 3. Nc3 Nf6 4. Nf3 d5 5. Bf4 c6 6. e3 Ne4 7. Bd3 Bb4 8. Qc2 Qa5 9. 0-0 Bxc3 10. bxc3 Nxc3 11. cxd5 Nxd5 12. Bd6 Qd8 13. Ba3 Qa5 14. Qb3 Qc3 15. Qxc3 Nxc3 16. Rac1 Nd5 17. Ne5 Nd7 18. Nc4 Kf7 19. f3 g6 20. Nd6+ Kf6 21. Rfe1 a5 22. e4 Nb4 23. Bb1 f4 24. d5 cxd5 25. exd5 Nxd5 26. Ne4+ Kg7 27. Bb2+ e5 28. Red1 Ne3 29. Rd2 Kh6 30. Nd6 Rf8 31. Nxc8 Raxc8 32. Rxc8 Rxc8 33. Rxd7 Rc5 34. Ba3 Rc3 35. Bf8+ Kg5 36. Be7+ Kh5 37. Bd3 Rc1+ 38. Kf2 Ra1 39. g4+ fxg3+ 40. hxg3 Nd1+ 41. Ke2 Nc3+ 42. Kd2 e4 43. Kxc3 exd3 44. Rd5+ 1-0

[Event "Belem op 2nd"]
[Site "Belem"]
[Date "2017.07.09"]
[Round "6"]
[White "Moraes, Nelson da Silva"]
[Black "Veiga, Emerson de Sousa"]
[Result "1-0"]
[WhiteElo "2233"]
[BlackElo "2102"]
[PlyCount "145"]
[EventDate "2017.07.07"]
[EventType "swiss"]
[EventRounds "6"]
[EventCountry "BRA"]
[SourceTitle "EXT 2018"]
[Source "ChessBase"]
[SourceDate "2017.10.13"]
[SourceVersion "1"]
[SourceVersionDate "2017.10.13"]
[SourceQuality "1"]

1. c4 Nf6 2. Nc3 c5 3. e4 Nc6 4. f4 d6 5. Nf3 e5 6. d3 Be7 7. Be2 0-0 8. 0-0 Bg4 9. f5 h6 10. Be3 a6 11. Nd2 Bxe2 12. Qxe2 Nd4 13. Bxd4 cxd4 14. Nd5 Nxd5 15. exd5 Bg5 16. Ne4 Be3+ 17. Kh1 f6 18. Qf3 Rc8 19. b4 b6 20. a4 Kh8 21. a5 b5 22. c5 dxc5 23. Nxc5 Qd6 24. Ra2 Rxc5 25. bxc5 Qxc5 26. d6 Qxd6 27. Qb7 Rb8 28. Qa7 Rc8 29. Qb7 Rc3 30. Qb6 Qd5 31. Rb2 Rc6 32. Qb7 Qc5 33. Qa8+ Kh7 34. Qe8 Rc8 35. Qg6+ Kg8 36. Qg4 Qc3 37. Qe2 Qxa5 38. Ra2 Qb6 39. Rfa1 a5 40. h3 a4 41. Qb2 Qa5 42. Qa3 Qc7 43. Qb4 Qd7 44. Rb1 Bf4 45. Raa1 Qxf5 46. Qxb5 Rc3 47. Rd1 Qg6 48. Qd5+ Kh7 49. Qf3 a3 50. Rab1 Be3 51. Qe2 Qg3 52. Rb8 f5 53. Qh5 Qg5 54. Qf7 Qf6 55. Qg8+ Kg6 56. Rf8 Qe7 57. Re8 Qc7 58. Qe6+ Kg5 59. Re7 Rc6 60. Qf7 Qb6 61. Qxg7+ Rg6 62. Qxe5 Qc6 63. Rf1 Kh4 64. Rf4+ Rg4 65. Rxg4+ fxg4 66. Rc7 a2 67. Qe7+ Kg3 68. Qe5+ Kf2 69. Qf5+ Ke1 70. Rxc6 a1Q 71. Rc2 Qd1 72. Ra2 Qb1 73. Qa5+ 1-0

[Event "Belem op 2nd"]
[Site "Belem"]
[Date "2017.07.08"]
[Round "3"]
[White "Leitao, Rafael Duailibe"]
[Black "Moraes, Nelson da Silva"]
[Result "1-0"]
[WhiteElo "2618"]
[BlackElo "2233"]
[PlyCount "117"]
[EventDate "2017.07.07"]
[EventType "swiss"]
[EventRounds "6"]
[EventCountry "BRA"]
[SourceTitle "EXT 2018"]
[Source "ChessBase"]
[SourceDate "2017.10.13"]
[SourceVersion "1"]
[SourceVersionDate "2017.10.13"]
[SourceQuality "1"]

1. d4 e6 2. c4 f5 3. Nf3 Nf6 4. a3 d5 5. Bf4 Bd6 6. e3 0-0 7. Nc3 c6 8. Be2 b6 9. Ne5 Bb7 10. Rc1 Qe7 11. 0-0 Nbd7 12. b4 dxc4 13. Bxc4 Nd5 14. Nxd7 Qxd7 15. Bxd6 Qxd6 16. Qb3 Kh8 17. Rfe1 Rae8 18. g3 Nxc3 19. Rxc3 e5 20. dxe5 Qxe5 21. Rd1 c5 22. bxc5 bxc5 23. f4 Qf6 24. Bd5 Bxd5 25. Rxd5 Rb8 26. Qc2 Rb1+ 27. Qxb1 Qxc3 28. Kf2 Qxa3 29. Rxf5 c4 30. Qa1 Qd6 31. Qd4 Qb4 32. Rc5 a5 33. Rxc4 Qb3 34. Qc5 Re8 35. Rc3 Qb2+ 36. Rc2 Qb1 37. Rc1 Qe4 38. Qd4 Qb7 39. h4 h6 40. g4 Qe7 41. g5 h5 42. Rc5 Qe6 43. Re5 Qa2+ 44. Kf3 Qf7 45. Rxa5 Qb7+ 46. Qd5 Qb1 47. Ke2 Qc2+ 48. Qd2 Qe4 49. Kf2 Qh1 50. Ke2 Qxh4 51. Qd7 Qh2+ 52. Kd3 Rb8 53. Rb5 Ra8 54. Qd5 Rc8 55. Rc5 Rb8 56. g6 Re8 57. Qxh5+ Qxh5 58. Rxh5+ Kg8 59. Rd5 1-0

[Event "Manaus Amazonia-ch"]
[Site "Manaus"]
[Date "2017.04.13"]
[Round "1"]
[White "Moraes, Nelson da Silva"]
[Black "Presa, Luis Alberto Passos"]
[Result "1-0"]
[WhiteElo "2258"]
[BlackElo "1739"]
[PlyCount "63"]
[EventDate "2017.04.13"]
[EventType "swiss"]
[EventRounds "7"]
[EventCountry "BRA"]
[SourceTitle "CBM 177 Extra"]
[Source "ChessBase"]
[SourceDate "2017.04.27"]
[SourceVersion "1"]
[SourceVersionDate "2017.04.27"]
[SourceQuality "1"]

1. e4 c5 2. c3 e6 3. d4 d5 4. e5 Nc6 5. Nf3 cxd4 6. cxd4 Nge7 7. Nc3 a6 8. Be2 Ng6 9. 0-0 Be7 10. Be3 Bd7 11. Rc1 Rc8 12. Bd3 f6 13. exf6 Bxf6 14. Bb1 Qe7 15. Re1 Kf7 16. Na4 Nxd4 17. Nxd4 Rxc1 18. Bxc1 Qb4 19. Nxe6 Bxa4 20. b3 Bc6 21. Bd2 Qd6 22. Qh5 Re8 23. Qxh7 Rxe6 24. Qxg6+ Ke7 25. Rxe6+ Qxe6 26. Bb4+ Kd8 27. Ba5+ Ke7 28. Qc2 d4 29. Qc5+ Kf7 30. Qh5+ Ke7 31. Bb4+ Kd8 32. Qa5+ 1-0